| 000 | 00000nam##2200000za#4500 |
| 001 | 9.607967 |
| 003 | CaOODSP |
| 005 | 20210624213405 |
| 007 | cr ||||||||||| |
| 008 | 150406|1997||||xxc|||||o f|0| 0 fre|d |
| 040 | |aCaOODSP|bfre |
| 043 | |an-cn--- |
| 086 | 1 |aFo64-29/1997F-PDF |
| 110 | 1 |aCanada.|bRessources naturelles Canada. |bService canadien des forêts. |
| 245 | 10|aInsectes des feuillus de l'est du Canada / |h[ressource électronique]|c[par] A.H. Rose et O.H. Lindquist. |
| 260 | |aOttawa - Ontario : |bRessources naturelles Canada. |cRévisé 1997, c1982. |
| 300 | |a306p.|bfigures (certaines en couleur), ill. (certaines en couleur), photographies, index |
| 490 | 1 |aRapport technique de foresterie|v29 |
| 500 | |a«Ce guide veut aider les gens qui portent intérêt aux arbres à identifier les insectes et les acariens qui les endommagent. Il traite d'environ 450 espèces d'insectes et d'acariens qui ont causé des dégâts sensibles aux feuillus canadiens à l'est des Rocheuses.»--Page 3. |
| 590 | |a14-20-Supp|b2014-11-25 |
| 691 | 07|aInsecte|2gcpds |
| 775 | 08|tInsects of eastern hardwood trees / |w(CaOODSP)9.581113 |
| 776 | 0#|tInsectes des feuillus de l'est du Canada / |w(CaOODSP)9.624258 |
| 830 | #0|aRapport technique de foresterie ;|v29|w(CaOODSP)9.504313 |
| 856 | 40|ahttp://publications.gc.ca|qPDF|s76,772 Ko|uhttps://publications.gc.ca/collections/collection_2014/rncan-nrcan/Fo64-29-1997-fra.pdf|y29 |